000
00211 a2200097 4500
001
895
100
_a
Tucker,W.J
245
_a
Plastic for electrical & radio engg
260
_a
_b
tech pres
_c
090
_c
485
_d
485
942
_a
NUST-CAE
_c
M
_c
31211
999
_c
235968
_d
235968